| 000 | 00838nam a2200301 a 4500 | ||
|---|---|---|---|
| 001 | 000114272 | ||
| 003 | CHAP | ||
| 005 | 20220329144434.0 | ||
| 008 | 171204s1990 mx |r| ||||||spa d | ||
| 010 | _a110733 | ||
| 011 | _a111705 | ||
| 020 | _a9688407577 | ||
| 040 | _cCHAP | ||
| 082 | 0 | 4 |
_a843.9 _bJ43 |
| 100 | 1 |
_aJeannet, Frédéric Yves _9134209 |
|
| 245 | 1 | 0 |
_aLejos de ninguna parte / _cpor Frédéric Yves Jeannet. |
| 260 |
_aMéxico, D.F. : _bUAM. Azcapotzalco, _c1990. |
||
| 300 | _a85 p. | ||
| 490 |
_aLibros del laberinto _v28 |
||
| 534 | _pSi loin de nulle part 1a | ||
| 590 |
_aE5765TAJ _b05 _c20171204 _lUCH01 _h1202 |
||
| 590 |
_aE5765TAJ _b05 _c20171204 _lUCH01 _h1204 |
||
| 650 | 1 | 4 |
_aLiteratura francesa. _967127 |
| 830 | 0 |
_aLibros del laberinto _v28 _9134210 |
|
| 901 | _aBK | ||
| 942 | _cLIBRO | ||
| 942 | _n0 | ||
| 999 |
_c110733 _d110733 |
||